000 01132cam a22003377a 4500
003 CHAP
005 20220329133348.0
008 971013s1992 r 00010 d
010 _a5479
011 _a6451
035 _a5671
040 _cCHAP
090 _aTesis
100 0 0 _aHiguera Ayala, Sergio.
_955354
245 0 _aOrdenación territorial y propuesta de manejo para las áreas de recreo de Ixtapaluca, México
260 _aChapingo, Méx. :
_bEl autor,
_c1992
300 _a138 h.
_b: ilus.
500 _a58-11
502 _aTesis (Ing. Agr. Esp. en Bosques) -- UACH. División de Ciencias Forestales
590 _aALEPH
_b10
_c20130110
_lUCH01
_h1215
590 _aBATCH-UPD
_b10
_c20130110
_lUCH01
_h0857
590 _aBATCH-UPD
_b10
_c20130410
_lUCH01
_h0528
590 _aBATCH-UPD
_b10
_c20130914
_lUCH01
_h1116
590 _aCONVERSION
_b10
_c20130109
_lUCH01
_h1304
650 1 4 _aCultivos
_xZonas de
_xMéxico (Edo.)
_930349
650 1 4 _aRecursos naturales
_zMéxico (Edo.).
_995330
650 1 4 _aTierras
_xUtilización.
_9113219
901 _aBK
942 _cTESIS
949 _bBC
_cTES
_d-15259
_eTS1
_h24933
_i5671
_si
999 _c5479
_d5479